THE LOGIC OF MACHINES AND STRUTURES (Record no. 579538)

000 -LEADER
fixed length control field 00317nam a22001337a 4500
020 ## - INTERNATIONAL STANDARD BOOK NUMBER
International Standard Book Number 0-471-86397-1
082 ## - DEWEY DECIMAL CLASSIFICATION NUMBER
Classification number 531.12 SAN'L
100 ## - MAIN ENTRY--PERSONAL NAME
Personal name SANDORI, PAUL
9 (RLIN) 39832
245 ## - TITLE STATEMENT
Title THE LOGIC OF MACHINES AND STRUTURES
260 ## - PUBLICATION, DISTRIBUTION, ETC.
Place of publication, distribution, etc. NEWYORK
Name of publisher, distributor, etc. JOHN WILEY
Date of publication, distribution, etc. 1982
300 ## - PHYSICAL DESCRIPTION
Extent 180P
650 ## - SUBJECT ADDED ENTRY--TOPICAL TERM
Topical term or geographic name entry element STATICS
9 (RLIN) 1020
942 ## - ADDED ENTRY ELEMENTS (KOHA)
Koha item type Book
Holdings
Withdrawn status Lost status Damaged status Not for loan Permanent Location Current Location Shelving location Date acquired Total Checkouts Full call number Barcode Date last seen Price effective from Koha item type
        College of Electrical & Mechanical Engineering (CEME) College of Electrical & Mechanical Engineering (CEME) General Stacks 04/25/2017   531.12 SAN'L CEME-15549 06/28/2021 06/28/2021 Book
© 2023 Central Library, National University of Sciences and Technology. All Rights Reserved.